Project Runway Season 8 - Statistics

General Stats
  • This quiz has been taken 115 times
  • The average score is 14 of 17
Answer Stats
Place Finished Designer % Correct
5th place April Johnston
100%
3rd place Ari South
100%
6th place Christopher Collins
100%
Winner Gretchen Jones
100%
8th place Ivy Higa
100%
4th place Michael Costello
100%
9th place Michael Drummond
100%
Runner Up Mondo Guerra
100%
17th place McKell Maddox
80%
7th place Valerie Mayen
80%
12th place A.J. Thouvenot
60%
10th place Carlos Casanova
60%
15th/16th place Jason Troisi
60%
15th/16th place Nicholas D'Aurizio
60%
11th place Peach Carr
60%
14th place Sarah Trost
60%
13th place Kristin Haskins Simms
40%
No matching quizzes found
Score Distribution
Percent of People with Each Score
Percentile by Number Answered
Your Score History
You have not taken this quiz